Countries In Our World: Israel

Guardat en:
Dades bibliogràfiques
Autor principal: Andrew Langley
Format: Llibre
Publicat: Franklin Watts
Etiquetes: Afegir etiqueta
Sense etiquetes, Sigues el primer a etiquetar aquest registre!
LEADER 00757cam a22001937a 4500
001 (Sirsi) i9780749692018
005 20190330161934.0
008 190219n xx ||||||||||||||||| |d
020 |a 9780749692018 
040 |a SMLIBRARY  |b eng  |c SMLIBRARY  |e AACR2 
100 |a Andrew Langley 
245 1 |a Countries In Our World: Israel 
260 |b Franklin Watts 
901 |a J 956.94 LAN  |i bk10011144a  |m SMLIBRARY  |l JUNIOR  |t BOOK  |p 84.15  |x JUNIOR  |z JNFIC  |u 18/11/2013 
903 |a  SMLNEWITEM, SMLPOPULAR 
904 |a 1 
942 |2 ddc  |c BOOK 
952 |0 0  |1 0  |2 ddc  |4 0  |6 J_956_940000000000000_LAN  |7 0  |8 JUNIOR | JNFIC  |9 35417  |a SMLIBRARY  |b SMLIBRARY  |c JUNIOR  |d 2013-11-18  |g 84.15  |l 0  |o J 956.94 LAN  |p BK10011144A  |r 2019-03-30 00:00:00  |t 1  |v 84.15  |w 2019-06-25  |y JRBOOK 
999 |c 29981  |d 29981